Commercial history of Japan

This book lays no claim to originalty. It is nothing more than an attempt to put succinctly into English what Japanes writers have written of the growth of commerce in Japan from early times.

Gespeichert in:
Bibliographische Detailangaben
1. Verfasser: Thomas, A. F.
Format: Buch
Sprache:Undetermined
Veröffentlicht: Tokyo Yuhodo 1936
Schlagworte:
Tags: Tag hinzufügen
Keine Tags, Fügen Sie den ersten Tag hinzu!
Thư viện lưu trữ: Trung tâm Học liệu Trường Đại học Cần Thơ
LEADER 00745nam a2200205Ia 4500
001 CTU_231847
008 210402s9999 xx 000 0 und d
082 |a 380.1952 
082 |b T454 
100 |a Thomas, A. F. 
245 0 |a Commercial history of Japan 
245 0 |c A. F. Thomas, Soji Koyama 
260 |a Tokyo 
260 |b Yuhodo 
260 |c 1936 
520 |a This book lays no claim to originalty. It is nothing more than an attempt to put succinctly into English what Japanes writers have written of the growth of commerce in Japan from early times. 
650 |a Nhật Bản,Japan 
650 |x Thương mại,Lịch sử,Commerce,History 
910 |b dqhieu 
980 |a Trung tâm Học liệu Trường Đại học Cần Thơ